• 首页
  • 本馆介绍
  • 公告通知
  • 最新文献
  • 馆藏检索
  • 电子资源
  • 读者导购
  • 参考咨询
  • 我的图书馆
  • 登录
  • 详细信息显示
  • 放入我的书架
  • 预约/预借图书
  • 作者相关作品
  • 分类相关作品
  • 丛书相关作品
  • 出版社相关作品

书目信息

  • 表格格式
  • 工作单格式
  • 卡片格式
题名:
个人理财攻防战
    
 
作者: 钱可通著
分册:  
出版信息: 广州   广东人民出版社  2001.01
页数: 345页
开本: 19cm
丛书名: 钱可通财经系列
单 册:
中图分类: F063.4
科图分类:
主题词: 经济学--分支科学
电子资源:
ISBN: 7-218-03543-4
000 00573nam0 2200205 450
001 0880682826
005 20080108222505.69
010    @a7-218-03543-4@dCNY22.00
100    @a20080108d2001 km y0chiy0120 ea
101 0  @achi
102    @aCN@b440000
200 1  @a个人理财攻防战@Age ren li cai gong fang zhan@f钱可通著
210    @a广州@c广东人民出版社@d2001.01
215    @a345页@d19cm
225 2  @a钱可通财经系列
606 0  @a经济学@x分支科学
690    @aF063.4@v4
801  0 @aCN@b大连网信软件有限公司图书馆@c20080108
905    @aBZT@dF063.4@e1
906    @dCNY22.00@n0@r1
    
    个人理财攻防战/钱可通著.-广州:广东人民出版社,2001.01
    345页;19cm.-(钱可通财经系列)
    
    
    ISBN 7-218-03543-4:CNY22.00
    
●
相关链接 在五车中查询图书 在当当中查询图书 在豆瓣中查询图书


正题名:个人理财攻防战     索取号:F063.4/1         预约/预借

序号 登录号 条形码 馆藏地/架位号 状态 备注
1 609440   2000609440   中心书库北库/ 北库006架B面2列1层19/ [索取号:F063.4/1] 在馆    
2 609441   2000609441   中心书库北库/ 北库006架B面2列1层12/ [索取号:F063.4/1] 在馆    
3 609442   2000609442   中心书库北库/ 北库006架B面2列1层15/ [索取号:F063.4/1] 在馆    
4 609443   2000609443   中心书库北库/ 北库006架B面2列1层20/ [索取号:F063.4/1] 在馆    
5 609444   2000609444   中心书库北库/ 北库006架B面2列1层17/ [索取号:F063.4/1] 在馆    
6 609445   2000609445   中心书库北库/ 北库006架B面2列1层21/ [索取号:F063.4/1] 在馆    
7 609446   2000609446   中心书库北库/ 北库006架B面2列1层16/ [索取号:F063.4/1] 在馆    
8 609447   2000609447   中心书库北库/ 北库006架B面2列1层14/ [索取号:F063.4/1] 在馆    
9 609448   2000609448   中心书库北库/ 北库006架B面2列1层18/ [索取号:F063.4/1] 在馆    
10 609449   2000609449   中心书库北库/ 北库006架B面2列1层13/ [索取号:F063.4/1] 在馆    
山东省滨州职业学院图书馆 欢迎您!
大连网信软件有限公司© 版权所有